000 00360pam a2200157a 44500
008 230515b2010 xxu||||| |||| 00| 0 eng d
020 _aNULL
041 _aENGLISH
082 _a612.16
100 _aKHANNA N.
245 _aPRINCIPLES OF PHARMACOLOGY FOR DENTAL STUDENTS
250 _a3
260 _a
_bC B S PUB
_c2010
300 _a468
650 _aNULL
999 _c564391
_d564391